000 00484nam a22001697a 4500
999 _c3791
_d3791
003 GBCCL
005 20241126110504.0
008 171213b xxu||||| |||| 00| 0 eng d
040 _cgbc
082 _aVER 251
_bDAM
100 _aDamkhothang T.
_97468
245 _aThu gendan (Homiletics) Laisiangthou khiatdan (Hermeneutics) Thusinsakna (Teaching) /
_cT. Damkhothang
260 _aLamka:
_bAuthor,
_c2012
300 _a50 p.;
_c21 cm.
650 _aPreaching
_9404
942 _2ddc
_cBK
_08